[Event "C.to Provinciale FM"]
[Site "Porto Sant'Elpidio ITA"]
[Date "2010.01.30"]
[Round "4"]
[White "Giobbi, Costantino"]
[Black "Santinelli, Michele"]
[Result "1-0"]
[WhiteElo "1913"]
[BlackElo "1758"]
[PlyCount "62"]
[EventDate "2010.01.23"]

1. d4 d5 2. Nf3 Nf6 3. e3 Bf5 4. c4 e6 5. Nc3 h6 6. Qb3 b6 7. Ne5 c6 8. Bd2 Be7
9. Be2 O-O 10. O-O Qc7 11. Rac1 Nbd7 12. f4 Nxe5 13. fxe5 Ne4 14. Nxe4 Bxe4 15.
cxd5 Bxd5 16. Qc2 c5 17. b4 Qc6 18. Bf3 c4 19. e4 b5 20. exd5 exd5 21. Qf5 a5
22. a3 axb4 23. axb4 Ra4 24. Bd1 Bxb4 25. Bxb4 Rxb4 26. Bg4 Rb2 27. e6 f6 28.
Qg6 Qb6 29. Bf5 Qxd4+ 30. Kh1 Rd8 31. e7 Ra8 1-0

[Event "C.to Provinciale FM"]
[Site "Porto Sant'Elpidio ITA"]
[Date "2010.01.30"]
[Round "4"]
[White "Mantovani, Emanuele"]
[Black "Tittarelli, Edith"]
[Result "1/2-1/2"]
[WhiteElo "1440"]
[BlackElo "1604"]
[PlyCount "92"]
[EventDate "2010.01.23"]

1. e4 e5 2. a3 Nc6 3. Nc3 Nf6 4. Nf3 Bc5 5. h3 d6 6. d4 Nxd4 7. Nd2 Be6 8. b4
Bb6 9. Bd3 a6 10. Na4 Ba7 11. c3 Nc6 12. f3 b5 13. Bb2 bxa4 14. Bxa6 Bc8 15.
Qxa4 Bf2+ 16. Kxf2 Rxa6 17. Qb5 Rb6 18. Qd3 Bd7 19. Rad1 Qa8 20. Nc4 Rb8 21.
Rd2 Qa6 22. Qe2 Be6 23. Nxd6+ cxd6 24. Qxa6 Bd7 25. Rxd6 Ke7 26. Rxc6 Bxc6 27.
Qxc6 Rhd8 28. Qc5+ Ke6 29. Bc1 Rbc8 30. Qb6+ Rd6 31. Qe3 Rcd8 32. Kg3 Nh5+ 33.
Kh4 Nf4 34. Bb2 Nxg2+ 35. Kg4 Nxe3+ 36. Kh4 Ng2+ 37. Kg4 Ke7 38. h4 Rg6+ 39.
Kf5 Ne3+ 40. Kxe5 Nc4+ 41. Kf5 Rf6+ 42. Kg4 Nxb2 43. e5 Rg6+ 44. Kf5 Rd5 45. h5
Rf6+ 46. Ke4 Ra6 1/2-1/2

[Event "C.to Provinciale FM"]
[Site "Porto Sant'Elpidio ITA"]
[Date "2010.01.30"]
[Round "4"]
[White "Mantovani, Sofia"]
[Black "Riano', Mirko Alessio"]
[Result "1/2-1/2"]
[WhiteElo "1359"]
[BlackElo "1440"]
[PlyCount "42"]
[EventDate "2010.01.23"]

1. d4 Nf6 2. Nc3 g6 3. Nf3 Bg7 4. Bf4 d6 5. e3 O-O 6. Bd3 Bg4 7. O-O Nbd7 8. h3
Bxf3 9. Qxf3 c5 10. dxc5 Nxc5 11. Rad1 Nxd3 12. Rxd3 Rc8 13. Rfd1 b6 14. b3 e5
15. Bh2 Re8 16. Ne4 Nxe4 17. Qxe4 Re6 18. a4 Qc7 19. R3d2 a5 20. Qc4 Qxc4 21.
bxc4 Rd8 1/2-1/2

[Event "C.to Provinciale FM"]
[Site "Porto Sant'Elpidio ITA"]
[Date "2010.01.30"]
[Round "4"]
[White "Miandro, Roberto"]
[Black "Marconi, Luca"]
[Result "1-0"]
[WhiteElo "2098"]
[BlackElo "1826"]
[PlyCount "87"]
[EventDate "2010.01.23"]

1. c4 Nf6 2. Nf3 g6 3. g3 Bg7 4. Bg2 c6 5. Nc3 d6 6. d3 O-O 7. O-O Nbd7 8. e4
e5 9. Rb1 a6 10. b3 b5 11. a3 Rb8 12. cxb5 cxb5 13. d4 Nh5 14. Nd5 Bb7 15. dxe5
dxe5 16. Bb2 Re8 17. Rc1 Bxd5 18. Qxd5 Nb6 19. Qxd8 Rbxd8 20. Rc6 Re6 21. Rxe6
fxe6 22. Bxe5 Bxe5 23. Nxe5 Nf6 24. Rc1 Rd2 25. Rc6 Rd1+ 26. Bf1 Nxe4 27. Rxb6
Nd2 28. Kg2 Rxf1 29. Nf3 Nxf3 30. Kxf1 Nd2+ 31. Kg2 Nxb3 32. Rxe6 a5 33. Re3
Nd4 34. Rd3 Nc2 35. Rc3 Nd4 36. Rc5 b4 37. Rxa5 b3 38. Ra8+ Kf7 39. Rb8 Ke6 40.
a4 Kd5 41. a5 Kc4 42. a6 Nc6 43. Rb7 Kc5 44. Rxb3 1-0

[Event "C.to Provinciale FM"]
[Site "Porto Sant'Elpidio ITA"]
[Date "2010.01.30"]
[Round "4"]
[White "Mondaini, Roberto"]
[Black "Tittarelli, Adriano"]
[Result "0-1"]
[WhiteElo "1521"]
[BlackElo "1865"]
[PlyCount "106"]
[EventDate "2010.01.23"]

1. d4 e6 2. e4 b5 3. Nf3 a6 4. Bd3 c5 5. c4 cxd4 6. Nxd4 Bc5 7. Nb3 Ba7 8. O-O
bxc4 9. Bxc4 Bb7 10. Nc3 Nc6 11. Bf4 Nge7 12. Qe2 Ng6 13. Be3 Bb8 14. Nd2 O-O
15. Nf3 Qc7 16. Bb3 Nce5 17. g3 Nxf3+ 18. Qxf3 f5 19. Qe2 fxe4 20. Rac1 Qe5 21.
Rfd1 d5 22. Na4 Nh4 23. Nb6 Nf3+ 24. Kh1 Qh5 25. h4 Qg4 26. Qf1 d4 27. Rxd4
Nxd4 28. Nxa8 Nxb3 29. axb3 Bxa8 30. Qxa6 Qh3+ 31. Kg1 Bxg3 32. Rc8 Bh2+ 33.
Kh1 Bf4+ 34. Kg1 Qh2+ 35. Kf1 Qh1+ 36. Ke2 Qf3+ 37. Ke1 Bxe3 38. Qxe6+ Qf7 39.
Qxf7+ Kxf7 40. Rxf8+ Kxf8 41. fxe3 Ke7 42. Kf2 Kd6 43. Kg3 Bd5 44. Kf4 Bc6 45.
b4 Kd5 46. b3 Bd7 47. h5 h6 48. b5 Bxb5 49. Kf5 Be8 50. b4 Bxh5 51. b5 Bf3 52.
Kg6 Kc5 53. Kxg7 h5 0-1

[Event "C.to Provinciale FM"]
[Site "Porto Sant'Elpidio ITA"]
[Date "2010.01.30"]
[Round "4"]
[White "Perogio, Lorenzo"]
[Black "Fornelli, Marco"]
[Result "1-0"]
[WhiteElo "1871"]
[BlackElo "1371"]
[PlyCount "49"]
[EventDate "2010.01.23"]

1. e4 c5 2. Nc3 e6 3. g3 Nc6 4. Bg2 Nf6 5. Nge2 Be7 6. O-O d5 7. exd5 exd5 8.
d4 Be6 9. Nf4 Nxd4 10. Nxe6 fxe6 11. Ne2 Nc6 12. Nf4 Qd6 13. Re1 e5 14. Nxd5
O-O-O 15. Nxe7+ Qxe7 16. Qe2 Nd5 17. c3 Rd7 18. Bh3 h5 19. Qe4 Rhd8 20. Qxd5
Kc7 21. Bxd7 Rxd7 22. Qf3 h4 23. Be3 hxg3 24. fxg3 e4 25. Bf4+ 1-0

[Event "C.to Provinciale FM"]
[Site "Porto Sant'Elpidio ITA"]
[Date "2010.01.30"]
[Round "4"]
[White "Rago, Riccardo"]
[Black "Foglia, Maurizio"]
[Result "1/2-1/2"]
[WhiteElo "2105"]
[BlackElo "2168"]
[PlyCount "141"]
[EventDate "2010.01.23"]

1. e4 c6 2. d4 d5 3. Nc3 dxe4 4. Nxe4 Nd7 5. Nf3 Ngf6 6. Nxf6+ Nxf6 7. Bc4 Bf5
8. O-O e6 9. c3 Be7 10. a4 O-O 11. Qe2 Nd5 12. h3 h6 13. Re1 Bd6 14. Ne5 Qc7
15. Qf3 Nb6 16. Bd3 Bxd3 17. Nxd3 Nd7 18. Be3 e5 19. Qf5 Rfe8 20. dxe5 Nxe5 21.
Rad1 Nxd3 22. Rxd3 Re5 23. Qg4 Rae8 24. Red1 R5e6 25. Kh1 R8e7 26. Kg1 Rg6 27.
Qh4 f5 28. Qc4+ Kh7 29. Kf1 Re4 30. Qb3 c5 31. Qd5 Re5 32. Qf3 Ree6 33. Qxf5
Qc6 34. Qd5 Qxa4 35. Qxb7 c4 36. R3d2 a6 37. Qc8 Be5 38. Kg1 Re8 39. Qf5 Qc6
40. f4 Bxc3 41. bxc3 Rxe3 42. Rd5 Reg3 43. R1d2 Qf6 44. Qe4 Qxc3 45. h4 Qe3+
46. Qxe3 Rxe3 47. Rc5 c3 48. Rc2 Re4 49. R2xc3 Rxf4 50. R3c4 Rxc4 51. Rxc4 h5
52. Rc5 Kh6 53. Kf2 Rf6+ 54. Ke3 g6 55. Rc7 Rf5 56. g3 a5 57. Ra7 Rb5 58. Kf3
Rb3+ 59. Kf2 Ra3 60. Kg2 Ra4 61. Kf3 Ra3+ 62. Kf2 a4 63. Kg2 Ra2+ 64. Kf3 a3
65. Ke3 Ra1 66. Kf3 Rf1+ 67. Kg2 Ra1 68. Kh2 Ra2+ 69. Kg1 Ra1+ 70. Kg2 Ra2+ 71.
Kg1 1/2-1/2

[Event "C.to Provinciale FM"]
[Site "Porto Sant'Elpidio ITA"]
[Date "2010.01.30"]
[Round "4"]
[White "Silvestri, Giorgio"]
[Black "Splendiani, Sandro"]
[Result "1-0"]
[WhiteElo "1808"]
[BlackElo "1443"]
[PlyCount "103"]
[EventDate "2010.01.23"]

1. d4 Nf6 2. c4 e6 3. Nf3 d5 4. e3 c6 5. Qc2 Bd6 6. Be2 Nbd7 7. Nbd2 O-O 8. c5
Bc7 9. b4 a6 10. Bb2 Re8 11. Ne5 Nxe5 12. dxe5 Nd7 13. Nf3 f6 14. exf6 Nxf6 15.
Ne5 Ne4 16. Bf3 Qg5 17. h4 Qf5 18. g4 Qf8 19. Bxe4 dxe4 20. Qxe4 Bxe5 21. Qxe5
Rd8 22. Ke2 Rd5 23. Qe4 Qd8 24. Be5 Rd2+ 25. Kf3 Qd5 26. Qxd5 exd5 27. Rhd1 Rc2
28. Rdc1 Rd2 29. Bc3 Bxg4+ 30. Kxg4 Rxf2 31. Rf1 Rg2+ 32. Kh3 Re2 33. Bd4 Re8
34. Rf3 Rf8 35. Rxf8+ Kxf8 36. a4 Rf2 37. b5 g6 38. bxc6 bxc6 39. Rb1 Ra2 40.
Rb6 Rxa4 41. Rxc6 a5 42. Rb6 Rc4 43. Rb2 Rb4 44. Ra2 a4 45. c6 Ke8 46. Be5 Kd8
47. Ra3 Rb3 48. Rxa4 Rxe3+ 49. Bg3 Rc3 50. Ra8+ Ke7 51. c7 Kd7 52. Rd8+ 1-0

[Event "C.to Provinciale FM"]
[Site "Porto Sant'Elpidio ITA"]
[Date "2010.01.30"]
[Round "4"]
[White "Tittarelli, Elena"]
[Black "Vesce, Emanuele"]
[Result "0-1"]
[WhiteElo "1365"]
[BlackElo "1705"]
[PlyCount "82"]
[EventDate "2010.01.23"]

1. d4 Nf6 2. Nf3 d5 3. Bf4 c5 4. dxc5 Nc6 5. Ne5 e6 6. Nxc6 bxc6 7. b4 a5 8. c3
Ba6 9. Nd2 Nd7 10. e3 Bxf1 11. Nxf1 Qf6 12. Nd2 Qxc3 13. Qb1 axb4 14. Bd6 Bxd6
15. cxd6 b3 16. a4 Ne5 17. Qd1 b2 18. Ra2 Nd3+ 19. Kf1 Nc1 20. Rxb2 Qxb2 21. h3
O-O 22. g3 Rfb8 23. Kg2 Nb3 24. Nf3 Qa3 25. Ne5 Qxd6 26. Nd3 Rxa4 27. Nb2 Ra1
28. Qc2 Rxh1 29. Kxh1 Qc5 30. Qe2 Qc1+ 31. Kg2 Qd2 32. Qxd2 Nxd2 33. Nd3 Rc8
34. Nc5 Ne4 35. Nd3 c5 36. Kf1 c4 37. Nb4 c3 38. Nc2 Rb8 39. Ke2 Nxf2 40. Kxf2
Rb2 41. Kf3 Rxc2 0-1

[Event "C.to Provinciale FM"]
[Site "Porto Sant'Elpidio ITA"]
[Date "2010.01.31"]
[Round "5"]
[White "Acciaioli, Fabio"]
[Black "Silvestri, Giorgio"]
[Result "1-0"]
[WhiteElo "1833"]
[BlackElo "1808"]
[PlyCount "93"]
[EventDate "2010.01.23"]

1. Nf3 Nf6 2. g3 d6 3. Bg2 e5 4. d3 g6 5. e4 Bg7 6. O-O O-O 7. Nbd2 Ne8 8. c3
Nc6 9. Nc4 Be6 10. Ne3 h6 11. d4 exd4 12. cxd4 Ne7 13. Qc2 Qd7 14. Rd1 d5 15.
exd5 Nxd5 16. Nxd5 Bxd5 17. Ne5 Qe6 18. Bf4 Bxg2 19. Kxg2 g5 20. Bd2 Qd5+ 21.
Kg1 f5 22. Bb4 Rf6 23. Qc4 Qxc4 24. Nxc4 Bf8 25. Bxf8 Kxf8 26. d5 Rd8 27. Rac1
f4 28. Na5 Rb6 29. Nc4 Rb5 30. gxf4 Rbxd5 31. Rxd5 Rxd5 32. fxg5 Rxg5+ 33. Kf1
Rc5 34. Rc2 Kf7 35. b4 Rd5 36. Ne3 Rd4 37. a3 Rd3 38. Nc4 Kf6 39. a4 Kg5 40. b5
Kf4 41. Kg2 Rd4 42. a5 Rd3 43. Ne3 Rd4 44. Rc5 Ra4 45. Nd5+ Kg4 46. h3+ Kh4 47.
Ne7 1-0

[Event "C.to Provinciale FM"]
[Site "Porto Sant'Elpidio ITA"]
[Date "2010.01.31"]
[Round "5"]
[White "Copponi, Alice"]
[Black "Mondaini, Roberto"]
[Result "0-1"]
[WhiteElo "1296"]
[BlackElo "1521"]
[PlyCount "104"]
[EventDate "2010.01.23"]

1. d4 e6 2. e4 d5 3. f3 c5 4. c3 cxd4 5. cxd4 Bb4+ 6. Bd2 Bxd2+ 7. Qxd2 dxe4 8.
fxe4 Qh4+ 9. Qf2 Qxe4+ 10. Be2 Nc6 11. Nf3 Nge7 12. Nbd2 Qf5 13. h3 O-O 14. g4
Qa5 15. a3 Rd8 16. Bd3 Ng6 17. Bxg6 fxg6 18. O-O Qd5 19. Qe3 Nxd4 20. Nxd4 Qxd4
21. Qxd4 Rxd4 22. Nb3 Rd8 23. Rfd1 Re8 24. Nd4 Bd7 25. a4 e5 26. Nb5 Bxb5 27.
axb5 a6 28. bxa6 Rxa6 29. Rxa6 bxa6 30. Kf2 Rb8 31. Ra1 Rxb2+ 32. Ke3 Rb3+ 33.
Ke4 Rxh3 34. Kxe5 Re3+ 35. Kd6 Rf3 36. Ke6 Rf6+ 37. Ke7 Rf7+ 38. Ke6 h5 39. g5
Ra7 40. Rb1 Ra8 41. Ke7 a5 42. Rb6 a4 43. Rxg6 a3 44. Rc6 a2 45. Rc1 a1=Q 46.
Rxa1 Rxa1 47. Ke6 h4 48. Kf5 h3 49. Kg4 h2 50. Kf4 h1=Q 51. Kf5 Qf3+ 52. Kg6
Ra6# 0-1

[Event "C.to Provinciale FM"]
[Site "Porto Sant'Elpidio ITA"]
[Date "2010.01.31"]
[Round "5"]
[White "Foglia, Maurizio"]
[Black "Guglielmi, Dante"]
[Result "1-0"]
[WhiteElo "2168"]
[BlackElo "1910"]
[PlyCount "54"]
[EventDate "2010.01.23"]

1. d4 d5 2. Nf3 Nf6 3. e3 e6 4. Bd3 Be7 5. O-O O-O 6. Nbd2 b6 7. Ne5 Bb7 8. b3
Nbd7 9. f4 Ne4 10. c4 c5 11. Bb2 Ndf6 12. Ndf3 Nd6 13. Rc1 Nfe4 14. Qe2 Rc8 15.
Nd2 cxd4 16. exd4 Nxd2 17. Qxd2 dxc4 18. bxc4 Nf5 19. Kh1 Kh8 20. d5 Nh4 21.
Qe2 Kg8 22. Rcd1 exd5 23. cxd5 Rc5 24. Nc6 Bxc6 25. dxc6 Rd5 26. Bxh7+ Kh8 27.
Be4 Rxd1 1-0

[Event "C.to Provinciale FM"]
[Site "Porto Sant'Elpidio ITA"]
[Date "2010.01.31"]
[Round "5"]
[White "Fornelli, Marco"]
[Black "Spano' Cuomo, Gaetano"]
[Result "0-1"]
[WhiteElo "1371"]
[BlackElo "1819"]
[PlyCount "102"]
[EventDate "2010.01.23"]

1. d4 e6 2. c4 d5 3. Nf3 Nf6 4. Nc3 c5 5. e3 Nc6 6. cxd5 exd5 7. Be2 cxd4 8.
exd4 Bd6 9. Bg5 Be6 10. O-O Rc8 11. Re1 O-O 12. Ne5 Nxe5 13. dxe5 Bxe5 14. Bf3
Bb8 15. Nxd5 Bxd5 16. Bxf6 Qxf6 17. Qxd5 b6 18. b3 Rc5 19. Qe4 Re5 20. Qc2 Rfe8
21. Rec1 Qf4 22. Kf1 h5 23. Qd3 Qxh2 24. g3 Qh3+ 25. Kg1 Qe6 26. Qd4 Qf6 27.
Kg2 h4 28. Qxh4 g5 29. Qg4 Kg7 30. Rh1 Bd6 31. Rh2 Qg6 32. Rah1 f5 33. Rh7+ Kf8
34. Rh8+ Ke7 35. R1h7+ Kf6 36. Qd4 Bc5 37. Qc4 Rxh8 38. Rxh8 Qg7 39. Rc8 Qd7
40. Rc6+ Re6 41. Rxe6+ Qxe6 42. Bd5 Qe1 43. Qc2 g4 44. Qb2+ Kg6 45. Qc2 Qe5 46.
Bc4 Qh8 47. Qd3 a5 48. Be6 Qh5 49. Qc4 Qh3+ 50. Kg1 Qxg3+ 51. Kh1 Qf3+ 0-1

[Event "C.to Provinciale FM"]
[Site "Porto Sant'Elpidio ITA"]
[Date "2010.01.31"]
[Round "5"]
[White "Giobbi, Costantino"]
[Black "Rago, Riccardo"]
[Result "0-1"]
[WhiteElo "1913"]
[BlackElo "2105"]
[PlyCount "92"]
[EventDate "2010.01.23"]

1. d4 d5 2. c4 c6 3. Nf3 Nf6 4. e3 e6 5. Nc3 Be7 6. Bd3 Nbd7 7. O-O O-O 8. a4
a5 9. Qc2 dxc4 10. Bxc4 Nb6 11. Be2 Nbd5 12. Na2 Bd7 13. Bd2 Rc8 14. e4 Nb4 15.
Nxb4 axb4 16. Bg5 h6 17. Bxf6 Bxf6 18. e5 Be7 19. Qe4 g6 20. h4 Be8 21. Qf4 Kg7
22. a5 Ra8 23. a6 b5 24. g3 Qb6 25. Nh2 Rxa6 26. Ng4 Rh8 27. Rxa6 Qxa6 28. Nf6
Qa2 29. Qd2 Qa7 30. h5 Bd7 31. g4 Rd8 32. g5 hxg5 33. h6+ Kh8 34. Qxg5 Be8 35.
h7 Rxd4 36. Qh6 Qb8 37. Rd1 Rxd1+ 38. Bxd1 Qd8 39. Bf3 Bd7 40. Qd2 Bxf6 41.
exf6 Qxf6 42. Qxd7 Qxf3 43. Qd4+ Kxh7 44. Qh4+ Kg7 45. Qd4+ Qf6 46. Qxb4 Qe5
0-1

[Event "C.to Provinciale FM"]
[Site "Porto Sant'Elpidio ITA"]
[Date "2010.01.31"]
[Round "5"]
[White "Miandro, Roberto"]
[Black "Perogio, Lorenzo"]
[Result "0-1"]
[WhiteElo "2098"]
[BlackElo "1871"]
[PlyCount "70"]
[EventDate "2010.01.23"]

1. c4 e5 2. Nc3 Nc6 3. Nf3 g6 4. g3 Bg7 5. Bg2 Nge7 6. e4 O-O 7. O-O d6 8. h3
Kh8 9. d3 Rb8 10. Bg5 f6 11. Be3 Be6 12. Nd5 Qd7 13. Kh2 b6 14. Rb1 Nd8 15. Qd2
Ng8 16. b3 c6 17. Nc3 f5 18. d4 exd4 19. Bxd4 Nf6 20. exf5 Bxf5 21. Rbd1 Nf7
22. Nh4 Be6 23. Nf3 Rbd8 24. Be3 d5 25. cxd5 Nxd5 26. Nxd5 Bxd5 27. Qc2 Qb7 28.
Ng5 Nxg5 29. Bxd5 Rxd5 30. Rxd5 Nf3+ 31. Kg2 cxd5 32. Bd4 Nxd4 33. Qd3 Nf3 34.
Rc1 d4 35. Kf1 Ne5 0-1

[Event "C.to Provinciale FM"]
[Site "Porto Sant'Elpidio ITA"]
[Date "2010.01.31"]
[Round "5"]
[White "Riano', Mirko Alessio"]
[Black "Mantovani, Emanuele"]
[Result "1-0"]
[WhiteElo "1440"]
[BlackElo "1440"]
[PlyCount "105"]
[EventDate "2010.01.23"]

1. e4 Nf6 2. e5 Nd5 3. Bc4 e6 4. Bxd5 exd5 5. d4 f6 6. f4 g5 7. Nc3 c6 8. Nge2
h6 9. Ng3 d6 10. Qh5+ Ke7 11. Qg6 dxe5 12. fxe5 Nd7 13. exf6+ Nxf6 14. O-O Qe8
15. Re1+ Be6 16. Qxe8+ Rxe8 17. Na4 Kd7 18. Nc5+ Kd6 19. Nf5+ Bxf5 20. Rxe8
Nxe8 21. Nxb7+ Ke6 22. Nc5+ Kf6 23. c3 Nd6 24. Bd2 Rh7 25. Re1 Re7 26. Nb3 Nc4
27. Rxe7 Bxe7 28. Bc1 a5 29. Na1 a4 30. b3 Ba3 31. Bxa3 Nxa3 32. bxa4 Bb1 33.
Nb3 Bxa2 34. Na5 Nb1 35. Nxc6 Nxc3 36. a5 Bc4 37. Kf2 Kg6 38. Nb8 Ne4+ 39. Ke3
h5 40. a6 Bxa6 41. Nxa6 Kf6 42. Nc7 Kf5 43. Nxd5 h4 44. Kf3 Nd2+ 45. Ke3 Ne4
46. Nb4 g4 47. d5 g3 48. h3 Nc3 49. Kf3 Ke5 50. Kg4 Nxd5 51. Nxd5 Kxd5 52. Kxh4
Ke5 53. Kxg3 1-0

[Event "C.to Provinciale FM"]
[Site "Porto Sant'Elpidio ITA"]
[Date "2010.01.31"]
[Round "5"]
[White "Santinelli, Michele"]
[Black "Mircoli, Filippo"]
[Result "1-0"]
[WhiteElo "1758"]
[BlackElo "1729"]
[PlyCount "66"]
[EventDate "2010.01.23"]

1. Nf3 d6 2. d4 Nf6 3. c4 e6 4. Nc3 Be7 5. e4 c5 6. d5 O-O 7. Bd3 exd5 8. exd5
Bg4 9. O-O Nbd7 10. h3 Bh5 11. Bf4 Ne5 12. Bxe5 dxe5 13. g4 Nxg4 14. hxg4 Bxg4
15. Kg2 f5 16. Be2 Qd6 17. Nb5 Qg6 18. Nxe5 Bxe2+ 19. Nxg6 Bxd1 20. Nxe7+ Kf7
21. Nxf5 Kf6 22. Nfd6 Be2 23. Rfe1 Bg4 24. Nxb7 a6 25. N5d6 Rab8 26. b3 Kg6 27.
Nxc5 Rf4 28. Kg3 Rbf8 29. Ne6 Bxe6 30. Rxe6+ Kg5 31. Ne4+ Kf5 32. f3 g5 33. Rh1
Rf7 1-0

[Event "C.to Provinciale FM"]
[Site "Porto Sant'Elpidio ITA"]
[Date "2010.01.31"]
[Round "5"]
[White "Splendiani, Sandro"]
[Black "Mantovani, Sofia"]
[Result "1-0"]
[WhiteElo "1443"]
[BlackElo "1359"]
[PlyCount "93"]
[EventDate "2010.01.23"]

1. d4 d5 2. Nf3 Nf6 3. g3 Bf5 4. Bg2 e6 5. c4 c6 6. e3 g6 7. cxd5 cxd5 8. Nc3
Bg7 9. Qa4+ Nbd7 10. O-O O-O 11. Bd2 Nb6 12. Qd1 Nc4 13. b3 Nb2 14. Qc1 Nd3 15.
Qa3 Nd7 16. Ne1 Nf6 17. Nxd3 Bxd3 18. Rfe1 Ne4 19. Nxe4 dxe4 20. Bf1 Qc8 21.
Rac1 Qd7 22. Bxd3 exd3 23. b4 Qb5 24. Rc3 Rac8 25. Rec1 Qd7 26. Rxc8 Rxc8 27.
Qxd3 Rf8 28. Bc3 Qa4 29. Qc2 Qc6 30. Bb2 Qb5 31. a3 e5 32. dxe5 Bxe5 33. Bxe5
Qxe5 34. Qc5 Qb2 35. Qc3 Qe2 36. Qc4 Qh5 37. Qc5 Qh6 38. Qxa7 Rd8 39. Qxb7 Qg7
40. Rc8 Qa1+ 41. Kg2 Qd1 42. Rxd8+ Qxd8 43. a4 Qd1 44. a5 Qa4 45. a6 Kg7 46. a7
Qa3 47. a8=Q 1-0

[Event "C.to Provinciale FM"]
[Site "Porto Sant'Elpidio ITA"]
[Date "2010.01.31"]
[Round "5"]
[White "Tittarelli, Adriano"]
[Black "Balzano, Filli"]
[Result "1/2-1/2"]
[WhiteElo "1865"]
[BlackElo "1673"]
[PlyCount "156"]
[EventDate "2010.01.23"]

1. d4 d5 2. Bf4 Nf6 3. Nd2 Bf5 4. f3 e6 5. e3 Bd6 6. Ne2 Bxf4 7. Nxf4 h6 8. h4
Qe7 9. a3 e5 10. Ne2 Nbd7 11. Ng3 Bh7 12. Kf2 O-O 13. Be2 Rfe8 14. Ndf1 a6 15.
Qd2 c5 16. c3 cxd4 17. exd4 e4 18. Ne3 Qe6 19. Rae1 Qc6 20. Kg1 Re6 21. f4 Qc7
22. Rf1 Rc8 23. Rf2 b5 24. Ngf1 Nb6 25. g4 Nfd7 26. g5 Rc6 27. Rhh2 Nf8 28.
gxh6 Rxh6 29. Bg4 Rd8 30. Ng3 Nc4 31. Nxc4 bxc4 32. Qe3 Qe7 33. h5 Rf6 34. Nf1
Rb8 35. Qg3 Qd6 36. Ne3 Qd8 37. Rhg2 g6 38. f5 Kh8 39. fxg6 Rxf2 40. Rxf2 fxg6
41. Qe5+ Kg8 42. Be6+ Nxe6 43. Qxe6+ Kg7 44. Rf7+ Kh6 45. Re7 Rb6 46. Qf7 Qg8
47. Qxd5 gxh5+ 48. Qxg8 Bxg8 49. Rxe4 Rxb2 50. d5 Rd2 51. Nf5+ Kg5 52. Nd4 Rd1+
53. Kf2 Rb1 54. d6 Rb7 55. Re8 Bf7 56. Rc8 Rd7 57. Rc6 a5 58. Ke3 Bd5 59. Rb6
h4 60. Ne2 h3 61. Kf2 h2 62. Ng3 h1=Q 63. Nxh1 Bxh1 64. Ke3 Kf5 65. Kd4 Ke6 66.
Kc5 Bd5 67. Ra6 a4 68. Rb6 Bf3 69. Rb4 Rxd6 70. Kxc4 Bd5+ 71. Kc5 Bb3 72. Re4+
Kd7 73. Rh4 Rc6+ 74. Kb4 Rb6+ 75. Ka5 Rc6 76. Kb4 Kd6 77. c4 Bxc4 78. Rxc4
Rxc4+ 1/2-1/2

[Event "C.to Provinciale FM"]
[Site "Porto Sant'Elpidio ITA"]
[Date "2010.01.31"]
[Round "5"]
[White "Vannicola, Roberto"]
[Black "Tittarelli, Elena"]
[Result "1-0"]
[WhiteElo "1398"]
[BlackElo "1365"]
[PlyCount "71"]
[EventDate "2010.01.23"]

1. d4 d5 2. c4 dxc4 3. Nf3 Bf5 4. Nc3 Nf6 5. e3 Be6 6. Ng5 Bd5 7. e4 Bc6 8. e5
Nd5 9. Nxd5 Bxd5 10. Bxc4 Bxc4 11. Qa4+ b5 12. Qd1 a6 13. Qf3 Qd5 14. Qg4 e6
15. b3 Bd3 16. Be3 Bf5 17. Qg3 Be7 18. O-O Bxg5 19. Qxg5 O-O 20. Rac1 Ra7 21.
Rc5 Qd8 22. Qg3 g6 23. Bg5 Qxd4 24. Rfc1 Nd7 25. Be7 Nxc5 26. Bxc5 Qd2 27. Be3
Qb2 28. Qg5 Rb7 29. Qf6 Rd8 30. Qxd8+ Kg7 31. Qf6+ Kf8 32. Rd1 Rb8 33. Qh8+ Ke7
34. Qxb8 f6 35. Qd8+ Kf7 36. Rd7# 1-0

[Event "C.to Provinciale FM"]
[Site "Porto Sant'Elpidio ITA"]
[Date "2010.01.31"]
[Round "5"]
[White "Vesce, Emanuele"]
[Black "Bonoli, Luciano"]
[Result "1/2-1/2"]
[WhiteElo "1705"]
[BlackElo "1771"]
[PlyCount "95"]
[EventDate "2010.01.23"]

1. d4 g6 2. Nf3 Bg7 3. e4 d6 4. Nc3 Nf6 5. h3 O-O 6. Be3 a6 7. Qd2 b5 8. a3 Bb7
9. Bd3 Nbd7 10. Bh6 e5 11. Bxg7 Kxg7 12. d5 Nb6 13. O-O-O Nc4 14. Bxc4 bxc4 15.
Qe2 Bc8 16. Qxc4 Bd7 17. Nd2 Qb8 18. f3 Qb6 19. Nb3 Rfb8 20. Rde1 a5 21. a4 Rc8
22. Nd2 Rab8 23. Qa2 Qb4 24. Re3 c6 25. dxc6 Bxc6 26. Ndb1 Qc5 27. Rd3 Rb4 28.
b3 Nh5 29. Rhd1 Nf4 30. Rxd6 Ne6 31. R6d3 Nd4 32. Qb2 Rcb8 33. Qa2 Qb6 34. R1d2
Rxb3 35. cxb3 Nxb3+ 36. Kd1 Nxd2 37. Nxd2 Qg1+ 38. Kc2 Rc8 39. Kb3 Qb6+ 40. Kc2
Qb4 41. Kd1 Be8 42. Qb3 Qc5 43. Qd5 Bxa4+ 44. Nxa4 Qg1+ 45. Nf1 Qxf1+ 46. Kd2
Qf2+ 47. Kd1 Qf1+ 48. Kd2 1/2-1/2

[Event "C.to Provinciale FM"]
[Site "Porto Sant'Elpidio ITA"]
[Date "2010.01.31"]
[Round "6"]
[White "Balzano, Filli"]
[Black "Capito', Mario"]
[Result "1/2-1/2"]
[WhiteElo "1673"]
[BlackElo "1804"]
[PlyCount "38"]
[EventDate "2010.01.23"]

1. e4 Nf6 2. e5 Nd5 3. d4 d6 4. Nf3 g6 5. c4 Nb6 6. Bf4 Bg7 7. h3 Nc6 8. exd6
cxd6 9. Nc3 O-O 10. Be2 h6 11. O-O e5 12. Be3 d5 13. cxd5 Nxd5 14. Nxd5 e4 15.
Nd2 Qxd5 16. Bc4 Qa5 17. Nxe4 Qb4 18. Bb3 Nxd4 19. Bxd4 Qxd4 1/2-1/2

[Event "C.to Provinciale FM"]
[Site "Porto Sant'Elpidio ITA"]
[Date "2010.01.31"]
[Round "6"]
[White "Bonoli, Luciano"]
[Black "Splendiani, Sandro"]
[Result "1-0"]
[WhiteElo "1771"]
[BlackElo "1443"]
[PlyCount "65"]
[EventDate "2010.01.23"]

1. c4 Nf6 2. g3 e6 3. Bg2 d5 4. cxd5 exd5 5. Nf3 c6 6. O-O g6 7. d3 Bg7 8. Bg5
O-O 9. Nc3 h6 10. Bd2 Be6 11. Rb1 Qd7 12. Ne5 Qc8 13. Rc1 Nbd7 14. Nxd7 Qxd7
15. d4 Bh3 16. b4 Bxg2 17. Kxg2 a6 18. Na4 Qc7 19. Bf4 Qd8 20. Be5 Nd7 21. Bxg7
Kxg7 22. e3 Rc8 23. Nc5 Nxc5 24. bxc5 Re8 25. h4 Qe7 26. Qf3 Qe4 27. Qxe4 Rxe4
28. Rb1 Rb8 29. Rb6 Kf8 30. Rfb1 Re7 31. Rxc6 bxc6 32. Rxb8+ Re8 33. Rb6 1-0

[Event "C.to Provinciale FM"]
[Site "Porto Sant'Elpidio ITA"]
[Date "2010.01.31"]
[Round "6"]
[White "Foglia, Maurizio"]
[Black "Miandro, Roberto"]
[Result "1/2-1/2"]
[WhiteElo "2168"]
[BlackElo "2098"]
[PlyCount "111"]
[EventDate "2010.01.23"]

1. d4 d5 2. Nf3 c5 3. e3 e6 4. b3 Nd7 5. Bd3 g6 6. Bb2 Bg7 7. Nbd2 Ngf6 8. O-O
O-O 9. c4 b6 10. Rc1 Bb7 11. Qc2 Rc8 12. Qb1 Re8 13. Rfe1 cxd4 14. exd4 Bh6 15.
cxd5 Bxd5 16. Rxc8 Qxc8 17. Ne5 Qb7 18. f3 Rc8 19. Ndc4 Qb8 20. Bc1 Bxc1 21.
Rxc1 Bxc4 22. Nxd7 Nxd7 23. Rxc4 Rxc4 24. Bxc4 Qf4 25. Qd3 Nf6 26. a4 Kg7 27.
g3 Qd6 28. Qe3 Kf8 29. Qe5 Qxe5 30. dxe5 Nd7 31. f4 Ke7 32. Kf2 f6 33. exf6+
Nxf6 34. Kf3 Kd6 35. g4 Nd7 36. Ke4 Nf6+ 37. Kf3 Nd7 38. g5 a5 39. Ke4 Nc5+ 40.
Kd4 Nd7 41. h4 Nc5 42. Kc3 Ne4+ 43. Kd3 Ng3 44. Kc3 Nf5 45. Kd3 Nxh4 46. Kd4
Nf5+ 47. Ke4 Ng3+ 48. Kd4 Nh5 49. Ke4 Ng7 50. Kd4 Ne8 51. Ke4 Nc7 52. Kd4 Nd5
53. Ke4 Ne7 54. Kd4 Nf5+ 55. Ke4 Ng3+ 56. Kd4 1/2-1/2

[Event "C.to Provinciale FM"]
[Site "Porto Sant'Elpidio ITA"]
[Date "2010.01.31"]
[Round "6"]
[White "Guglielmi, Dante"]
[Black "Acciaioli, Fabio"]
[Result "1/2-1/2"]
[WhiteElo "1910"]
[BlackElo "1833"]
[PlyCount "106"]
[EventDate "2010.01.23"]

1. c4 g6 2. Nc3 Bg7 3. g3 Nc6 4. Bg2 e6 5. e3 Nge7 6. d4 d5 7. b3 O-O 8. Nge2
Na5 9. Qd3 b6 10. cxd5 exd5 11. Ba3 c6 12. O-O Re8 13. Rac1 Bd7 14. e4 dxe4 15.
Bxe4 Rc8 16. Qa6 Nf5 17. Rfd1 Rc7 18. d5 cxd5 19. Bxd5 Qf6 20. Bg2 Bc6 21. Nd5
Bxd5 22. Rxc7 Bxg2 23. Kxg2 Qe6 24. Nf4 Qe4+ 25. Kh3 g5 26. Qd3 Qe5 27. Nh5 g4+
28. Kg2 Nh4+ 29. gxh4 Qxc7 30. Nxg7 Kxg7 31. Bb2+ Kg8 32. Qd4 Qc6+ 33. Kg1 f6
34. Qxf6 Qxf6 35. Bxf6 Re2 36. Rd7 Re6 37. Bd4 Nc6 38. Be3 Kh8 39. Rc7 Kg8 40.
Bd2 Ne5 41. Bc3 a6 42. Kg2 h5 43. Rh7 Nd3 44. Kg3 Nc5 45. Rc7 Re2 46. Rg7+ Kf8
47. Rh7 Ne4+ 48. Kg2 Nxc3 49. Rxh5 Ne4 50. Rf5+ Ke7 51. Kf1 Nc3 52. h5 Ke6 53.
Rf4 Re4 1/2-1/2